[Event "Amsterdam Science Park 2023"]
[Site "Science Park, Amsterdam, Netherlands"]
[Date "2023.07.15"]
[Round "1.7"]
[White "Jansen, Norbert"]
[Black "Blees, Albert"]
[Result "1/2-1/2"]
[WhiteElo "2007"]
[BlackElo "2319"]

1. e4 {[%clk 01:30:57]} {[%emt 00:00:06]} e6 {[%clk 01:30:34]} {[%emt
00:00:26]} 2. d4 {[%clk 01:31:19]} {[%emt 00:00:07]} d5 {[%clk 01:30:59]}
{[%emt 00:00:06]} 3. Nc3 {[%clk 01:31:43]} {[%emt 00:00:07]} Nf6 {[%clk
01:30:57]} {[%emt 00:00:31]} 4. e5 {[%clk 01:32:04]} {[%emt 00:00:09]} Nfd7
{[%clk 01:31:20]} {[%emt 00:00:07]} 5. f4 {[%clk 01:32:26]} {[%emt 00:00:08]}
c5 {[%clk 01:31:42]} {[%emt 00:00:08]} 6. Nf3 {[%clk 01:32:45]} {[%emt
00:00:11]} Nc6 {[%clk 01:31:57]} {[%emt 00:00:14]} 7. Be3 {[%clk 01:33:06]}
{[%emt 00:00:09]} Qb6 {[%clk 01:31:33]} {[%emt 00:00:54]} 8. Na4 {[%clk
01:32:33]} {[%emt 00:01:04]} Qa5+ {[%clk 01:30:52]} {[%emt 00:01:11]} 9. c3
{[%clk 01:32:46]} {[%emt 00:00:17]} c4 {[%clk 01:29:17]} {[%emt 00:02:05]} 10.
b4 {[%clk 01:21:08]} {[%emt 00:12:08]} cxb3 {[%clk 01:17:02]} {[%emt 00:12:45]}
11. axb3 {[%clk 01:15:06]} {[%emt 00:06:32]} Qc7 {[%clk 01:12:40]} {[%emt
00:04:52]} 12. Bd3 {[%clk 01:10:10]} {[%emt 00:05:26]} Be7 {[%clk 01:10:26]}
{[%emt 00:02:43]} 13. O-O {[%clk 01:09:39]} {[%emt 00:01:01]} f5 {[%clk
01:09:52]} {[%emt 00:01:04]} 14. Kh1 {[%clk 00:52:28]} {[%emt 00:17:43]} b6
{[%clk 01:06:57]} {[%emt 00:03:23]} 15. Rc1 {[%clk 00:44:44]} {[%emt 00:08:15]}
Qb7 {[%clk 00:58:28]} {[%emt 00:08:58]} 16. Qe2 {[%clk 00:42:22]} {[%emt
00:02:53]} a6 {[%clk 00:55:17]} {[%emt 00:03:40]} 17. b4 {[%clk 00:35:04]}
{[%emt 00:07:49]} Nd8 {[%clk 00:48:41]} {[%emt 00:07:04]} 18. Bf2 {[%clk
00:26:04]} {[%emt 00:09:31]} Nf8 {[%clk 00:45:58]} {[%emt 00:03:12]} 19. Bh4
{[%clk 00:23:27]} {[%emt 00:03:07]} Ng6 {[%clk 00:42:03]} {[%emt 00:04:25]} 20.
Bg3 {[%clk 00:23:34]} {[%emt 00:00:23]} Bd7 {[%clk 00:41:38]} {[%emt 00:00:54]}
21. Ra1 {[%clk 00:22:09]} {[%emt 00:01:56]} Nc6 {[%clk 00:36:44]} {[%emt
00:05:22]} 22. Ng5 {[%clk 00:19:25]} {[%emt 00:03:14]} Bxg5 {[%clk 00:32:11]}
{[%emt 00:05:03]} 23. fxg5 {[%clk 00:19:52]} {[%emt 00:00:04]} Nce7 {[%clk
00:32:22]} {[%emt 00:00:18]} 24. Kg1 {[%clk 00:15:39]} {[%emt 00:04:43]} Bxa4
{[%clk 00:32:36]} {[%emt 00:00:16]} 25. Rxa4 {[%clk 00:16:04]} {[%emt
00:00:05]} b5 {[%clk 00:32:43]} {[%emt 00:00:23]} 26. Ra3 {[%clk 00:16:01]}
{[%emt 00:00:34]} Nc8 {[%clk 00:28:32]} {[%emt 00:04:39]} 27. h4 {[%clk
00:14:51]} {[%emt 00:01:40]} Nb6 {[%clk 00:26:34]} {[%emt 00:02:28]} 28. Rxa6
{[%clk 00:15:06]} {[%emt 00:00:16]} Nc4 {[%clk 00:25:04]} {[%emt 00:01:58]} 29.
Rxe6+ {[%clk 00:12:37]} {[%emt 00:03:00]} Ne7 {[%clk 00:24:54]} {[%emt
00:00:39]} 30. Bxf5 {[%clk 00:09:40]} {[%emt 00:03:27]} O-O {[%clk 00:23:43]}
{[%emt 00:01:41]} 31. Bd3 {[%clk 00:07:31]} {[%emt 00:02:40]} Rxf1+ {[%clk
00:22:10]} {[%emt 00:02:03]} 32. Kxf1 {[%clk 00:06:43]} {[%emt 00:01:18]} Qd7
{[%clk 00:22:02]} {[%emt 00:00:37]} 33. Bxh7+ {[%clk 00:04:30]} {[%emt
00:02:44]} Kxh7 {[%clk 00:21:08]} {[%emt 00:01:24]} 34. Qh5+ {[%clk 00:02:16]}
{[%emt 00:02:44]} Kg8 {[%clk 00:21:32]} {[%emt 00:00:04]} 35. Rxe7 {[%clk
00:02:02]} {[%emt 00:00:45]} Ra1+ {[%clk 00:20:16]} {[%emt 00:01:46]} 36. Ke2
{[%clk 00:01:48]} {[%emt 00:00:46]} Qxe7 {[%clk 00:19:10]} {[%emt 00:01:36]} 37.
g6 {[%clk 00:02:09]} {[%emt 00:00:09]} Qe6 {[%clk 00:18:52]} {[%emt 00:00:47]}
38. Qh7+ {[%clk 00:02:22]} {[%emt 00:00:17]} Kf8 {[%clk 00:19:15]} {[%emt
00:00:07]} 39. Qh8+ {[%clk 00:02:45]} {[%emt 00:00:08]} Qg8 {[%clk 00:18:45]}
{[%emt 00:00:59]} 40. Qh5 {[%clk 00:03:06]} {[%emt 00:00:09]} Ke7 {[%clk
00:17:59]} {[%emt 00:01:15]} 41. Qg5+ {[%clk 00:02:36]} {[%emt 00:01:01]} Kd7
{[%clk 00:18:04]} {[%emt 00:00:25]} 42. h5 {[%clk 00:02:55]} {[%emt 00:00:11]}
Qe6 {[%clk 00:14:27]} {[%emt 00:04:06]} 43. Bh4 {[%clk 00:02:29]} {[%emt
00:00:57]} Kc6 {[%clk 00:14:44]} {[%emt 00:00:13]} 44. h6 {[%clk 00:02:52]}
{[%emt 00:00:08]} gxh6 {[%clk 00:14:53]} {[%emt 00:00:20]} 45. Qf6 {[%clk
00:03:19]} {[%emt 00:00:03]} Ra2+ {[%clk 00:12:38]} {[%emt 00:02:45]} 46. Ke1
{[%clk 00:03:30]} {[%emt 00:00:19]} Kd7 {[%clk 00:12:18]} {[%emt 00:00:50]} 47.
Qg7+ {[%clk 00:03:19]} {[%emt 00:00:41]} Kc6 {[%clk 00:11:27]} {[%emt
00:01:20]} 48. Qf6 {[%clk 00:03:48]} {[%emt 00:00:02]} Kd7 {[%clk 00:11:49]}
{[%emt 00:00:08]} 49. Qg7+ {[%clk 00:04:13]} {[%emt 00:00:05]} 1/2-1/2

[Event "Amsterdam Science Park 2023"]
[Site "Science Park, Amsterdam, Netherlands"]
[Date "2023.07.15"]
[Round "1.8"]
[White "Elgersma, Onno"]
[Black "Ritzerveld, Noah"]
[Result "1-0"]
[WhiteElo "2265"]
[BlackElo "2007"]

1. e4 {[%clk 01:30:55]} {[%emt 00:00:04]} e5 {[%clk 01:30:45]} {[%emt
00:00:15]} 2. Nf3 {[%clk 01:31:10]} {[%emt 00:00:15]} Nc6 {[%clk 01:31:02]}
{[%emt 00:00:13]} 3. Bb5 {[%clk 01:31:29]} {[%emt 00:00:12]} a6 {[%clk
01:31:20]} {[%emt 00:00:12]} 4. Ba4 {[%clk 01:31:51]} {[%emt 00:00:07]} Nf6
{[%clk 01:31:40]} {[%emt 00:00:09]} 5. O-O {[%clk 01:31:53]} {[%emt 00:00:28]}
Be7 {[%clk 01:31:53]} {[%emt 00:00:17]} 6. d3 {[%clk 01:32:06]} {[%emt
00:00:17]} b5 {[%clk 01:29:40]} {[%emt 00:02:44]} 7. Bb3 {[%clk 01:32:34]}
{[%emt 00:00:02]} d6 {[%clk 01:28:51]} {[%emt 00:01:19]} 8. a3 {[%clk
01:32:47]} {[%emt 00:00:17]} O-O {[%clk 01:27:38]} {[%emt 00:01:42]} 9. Nc3
{[%clk 01:32:49]} {[%emt 00:00:28]} Bg4 {[%clk 01:24:02]} {[%emt 00:04:06]} 10.
Be3 {[%clk 01:32:14]} {[%emt 00:01:04]} Qd7 {[%clk 01:21:54]} {[%emt 00:02:38]}
11. h3 {[%clk 01:25:42]} {[%emt 00:07:02]} Bh5 {[%clk 01:19:09]} {[%emt
00:03:16]} 12. Nd5 {[%clk 01:19:21]} {[%emt 00:06:51]} Na5 {[%clk 01:03:02]}
{[%emt 00:16:37]} 13. Nxe7+ {[%clk 01:09:37]} {[%emt 00:10:13]} Qxe7 {[%clk
01:03:21]} {[%emt 00:00:11]} 14. Ba2 {[%clk 01:10:02]} {[%emt 00:00:06]} c6
{[%clk 00:52:51]} {[%emt 00:11:00]} 15. Qd2 {[%clk 01:07:58]} {[%emt 00:02:33]}
Nb7 {[%clk 00:51:22]} {[%emt 00:02:00]} 16. Nh4 {[%clk 01:07:02]} {[%emt
00:01:26]} Bg6 {[%clk 00:33:09]} {[%emt 00:18:42]} 17. f4 {[%clk 01:04:02]}
{[%emt 00:03:30]} exf4 {[%clk 00:30:38]} {[%emt 00:03:01]} 18. Bxf4 {[%clk
01:03:34]} {[%emt 00:00:59]} Nd7 {[%clk 00:27:06]} {[%emt 00:04:02]} 19. Bg5
{[%clk 01:02:05]} {[%emt 00:01:59]} Qe8 {[%clk 00:25:22]} {[%emt 00:02:15]} 20.
Rf2 {[%clk 00:59:14]} {[%emt 00:03:20]} Nbc5 {[%clk 00:22:22]} {[%emt
00:03:30]} 21. Raf1 {[%clk 00:52:55]} {[%emt 00:06:49]} Ne6 {[%clk 00:21:31]}
{[%emt 00:01:22]} 22. Be3 {[%clk 00:50:35]} {[%emt 00:02:49]} Nf6 {[%clk
00:18:36]} {[%emt 00:03:26]} 23. Nf5 {[%clk 00:44:06]} {[%emt 00:07:00]} Bxf5
{[%clk 00:17:53]} {[%emt 00:01:13]} 24. Rxf5 {[%clk 00:43:34]} {[%emt
00:01:02]} Qe7 {[%clk 00:14:03]} {[%emt 00:04:19]} 25. Qf2 {[%clk 00:42:58]}
{[%emt 00:01:05]} Kh8 {[%clk 00:12:10]} {[%emt 00:02:24]} 26. Bd2 {[%clk
00:42:52]} {[%emt 00:00:36]} Nc5 {[%clk 00:10:26]} {[%emt 00:02:14]} 27. Bc3
{[%clk 00:40:06]} {[%emt 00:03:15]} Ncd7 {[%clk 00:10:22]} {[%emt 00:00:34]} 28.
g4 {[%clk 00:37:52]} {[%emt 00:02:44]} Ne5 {[%clk 00:05:07]} {[%emt 00:05:46]}
29. g5 {[%clk 00:36:23]} {[%emt 00:01:59]} Nfd7 {[%clk 00:05:12]} {[%emt
00:00:25]} 30. h4 {[%clk 00:36:39]} {[%emt 00:00:13]} f6 {[%clk 00:04:56]}
{[%emt 00:00:47]} 31. Qh2 {[%clk 00:25:49]} {[%emt 00:11:19]} fxg5 {[%clk
00:04:37]} {[%emt 00:00:49]} 32. hxg5 {[%clk 00:26:07]} {[%emt 00:00:11]} Rxf5
{[%clk 00:04:44]} {[%emt 00:00:24]} 33. Rxf5 {[%clk 00:26:30]} {[%emt
00:00:07]} Rf8 {[%clk 00:04:50]} {[%emt 00:00:23]} 34. g6 {[%clk 00:26:28]}
{[%emt 00:00:33]} h6 {[%clk 00:03:36]} {[%emt 00:01:44]} 35. Qf4 {[%clk
00:08:41]} {[%emt 00:18:16]} Rxf5 {[%clk 00:03:14]} {[%emt 00:00:52]} 36. Qxf5
{[%clk 00:07:56]} {[%emt 00:01:15]} Qg5+ {[%clk 00:02:03]} {[%emt 00:01:41]} 37.
Qxg5 {[%clk 00:08:00]} {[%emt 00:00:25]} hxg5 {[%clk 00:01:39]} {[%emt
00:00:54]} 38. Be6 {[%clk 00:05:41]} {[%emt 00:02:49]} Nf6 {[%clk 00:00:41]}
{[%emt 00:01:29]} 39. Bxe5 {[%clk 00:05:26]} {[%emt 00:00:45]} dxe5 {[%clk
00:01:06]} {[%emt 00:00:04]} 40. b4 {[%clk 00:04:55]} {[%emt 00:01:02]} Ne8
{[%clk 00:00:43]} {[%emt 00:00:53]} 41. Kg2 {[%clk 00:04:51]} {[%emt 00:00:33]}
Nf6 {[%clk 00:29:48]} {[%emt 00:01:25]} 42. Kf3 {[%clk 00:29:03]} {[%emt
00:06:17]} g4+ {[%clk 00:29:10]} {[%emt 00:01:09]} 43. Bxg4 {[%clk 00:28:57]}
{[%emt 00:00:37]} Kg8 {[%clk 00:29:32]} {[%emt 00:00:08]} 44. Bc8 {[%clk
00:29:15]} {[%emt 00:00:13]} Kf8 {[%clk 00:29:47]} {[%emt 00:00:15]} 45. Bb7
{[%clk 00:26:46]} {[%emt 00:02:58]} Nd7 {[%clk 00:29:27]} {[%emt 00:00:50]} 46.
Bxc6 {[%clk 00:26:50]} {[%emt 00:00:26]} Nb8 {[%clk 00:29:53]} {[%emt
00:00:05]} 47. Bb7 {[%clk 00:26:45]} {[%emt 00:00:35]} Ke7 {[%clk 00:30:15]}
{[%emt 00:00:07]} 48. c4 {[%clk 00:26:53]} {[%emt 00:00:22]} Kf6 {[%clk
00:29:38]} {[%emt 00:01:08]} 49. c5 {[%clk 00:27:11]} {[%emt 00:00:11]} Ke6
{[%clk 00:29:22]} {[%emt 00:00:46]} 50. Kg4 {[%clk 00:26:51]} {[%emt 00:00:49]}
1-0

[Event "Amsterdam Science Park 2023"]
[Site "Science Park, Amsterdam, Netherlands"]
[Date "2023.07.15"]
[Round "1.9"]
[White "Brinkers, Kees"]
[Black "Wunnink, Michael"]
[Result "0-1"]
[WhiteElo "2006"]
[BlackElo "2252"]

1. e4 {[%clk 01:30:54]} {[%emt 00:00:09]} e6 {[%clk 01:30:33]} {[%emt
00:00:28]} 2. d4 {[%clk 01:31:17]} {[%emt 00:00:06]} d5 {[%clk 01:30:58]}
{[%emt 00:00:05]} 3. Nc3 {[%clk 01:31:36]} {[%emt 00:00:12]} Nf6 {[%clk
01:31:10]} {[%emt 00:00:17]} 4. Bd3 {[%clk 01:31:44]} {[%emt 00:00:22]} c5
{[%clk 01:27:57]} {[%emt 00:03:43]} 5. Nf3 {[%clk 01:31:55]} {[%emt 00:00:18]}
cxd4 {[%clk 01:19:55]} {[%emt 00:08:32]} 6. Nxd4 {[%clk 01:32:19]} {[%emt
00:00:07]} e5 {[%clk 01:15:00]} {[%emt 00:05:25]} 7. Nf3 {[%clk 01:30:09]}
{[%emt 00:02:39]} d4 {[%clk 01:10:01]} {[%emt 00:05:29]} 8. Ne2 {[%clk
01:29:35]} {[%emt 00:01:04]} Nc6 {[%clk 01:07:08]} {[%emt 00:03:24]} 9. O-O
{[%clk 01:28:29]} {[%emt 00:01:36]} Be7 {[%clk 01:04:27]} {[%emt 00:03:10]} 10.
Ng3 {[%clk 01:26:42]} {[%emt 00:02:17]} O-O {[%clk 01:01:51]} {[%emt 00:03:06]}
11. a3 {[%clk 01:23:15]} {[%emt 00:03:58]} Be6 {[%clk 00:55:42]} {[%emt
00:06:39]} 12. Ng5 {[%clk 01:18:43]} {[%emt 00:05:01]} Bg4 {[%clk 00:55:42]}
{[%emt 00:00:30]} 13. f3 {[%clk 01:14:43]} {[%emt 00:04:30]} Bd7 {[%clk
00:54:53]} {[%emt 00:01:18]} 14. f4 {[%clk 01:04:14]} {[%emt 00:10:59]} Ng4
{[%clk 00:44:45]} {[%emt 00:10:38]} 15. f5 {[%clk 00:59:46]} {[%emt 00:04:59]}
Ne3 {[%clk 00:38:24]} {[%emt 00:06:51]} 16. Bxe3 {[%clk 00:59:38]} {[%emt
00:00:37]} dxe3 {[%clk 00:38:45]} {[%emt 00:00:10]} 17. Nf3 {[%clk 00:58:30]}
{[%emt 00:01:38]} Qb6 {[%clk 00:36:59]} {[%emt 00:02:17]} 18. Kh1 {[%clk
00:55:24]} {[%emt 00:03:35]} Qxb2 {[%clk 00:34:39]} {[%emt 00:02:50]} 19. Qe1
{[%clk 00:48:52]} {[%emt 00:07:01]} Qb6 {[%clk 00:19:34]} {[%emt 00:15:37]} 20.
Rb1 {[%clk 00:48:11]} {[%emt 00:01:11]} Qc7 {[%clk 00:19:42]} {[%emt 00:00:21]}
21. Qxe3 {[%clk 00:48:25]} {[%emt 00:00:16]} Na5 {[%clk 00:18:05]} {[%emt
00:02:08]} 22. Nd2 {[%clk 00:35:40]} {[%emt 00:13:14]} f6 {[%clk 00:16:18]}
{[%emt 00:02:17]} 23. Nh5 {[%clk 00:27:56]} {[%emt 00:08:13]} Be8 {[%clk
00:16:04]} {[%emt 00:00:44]} 24. g4 {[%clk 00:25:05]} {[%emt 00:03:21]} Bxa3
{[%clk 00:15:56]} {[%emt 00:00:39]} 25. Rf3 {[%clk 00:14:32]} {[%emt 00:11:02]}
Bc5 {[%clk 00:15:45]} {[%emt 00:00:41]} 26. Qe2 {[%clk 00:13:37]} {[%emt
00:01:25]} Nc6 {[%clk 00:14:34]} {[%emt 00:01:41]} 27. Nb3 {[%clk 00:13:07]}
{[%emt 00:00:59]} Nd4 {[%clk 00:14:00]} {[%emt 00:01:04]} 28. Nxd4 {[%clk
00:13:14]} {[%emt 00:00:22]} Bxd4 {[%clk 00:14:21]} {[%emt 00:00:10]} 29. Rg3
{[%clk 00:13:02]} {[%emt 00:00:42]} g6 {[%clk 00:11:47]} {[%emt 00:03:04]} 30.
fxg6 {[%emt 00:00:42]} hxg6 {[%clk 00:11:35]} {[%emt 00:00:39]} 31. Rg2 {[%clk
00:07:56]} {[%emt 00:05:25]} gxh5 {[%clk 00:10:02]} {[%emt 00:02:04]} 32. gxh5+
{[%clk 00:08:21]} {[%emt 00:00:05]} Kh8 {[%clk 00:09:42]} {[%emt 00:00:50]} 33.
h6 {[%clk 00:04:25]} {[%emt 00:04:25]} Qh7 {[%clk 00:06:11]} {[%emt 00:04:01]}
34. Rg7 {[%clk 00:03:52]} {[%emt 00:01:03]} Qxh6 {[%clk 00:06:30]} {[%emt
00:00:12]} 35. Rbxb7 {[%clk 00:04:15]} {[%emt 00:00:07]} Bg6 {[%clk 00:05:49]}
{[%emt 00:01:11]} 36. Qf3 {[%clk 00:02:29]} {[%emt 00:02:15]} Rab8 {[%clk
00:03:34]} {[%emt 00:02:46]} 37. Rxg6 {[%clk 00:02:12]} {[%emt 00:00:47]} Qc1+
{[%clk 00:03:13]} {[%emt 00:00:52]} 0-1

[Event "Amsterdam Science Park 2023"]
[Site "Science Park, Amsterdam, Netherlands"]
[Date "2023.07.15"]
[Round "1.10"]
[White "Lammens, Tim"]
[Black "De Heer, Peter"]
[Result "1/2-1/2"]
[WhiteElo "2248"]
[BlackElo "2004"]

1. Nf3 {[%clk 01:30:57]} {[%emt 00:00:01]} Nf6 {[%clk 01:30:54]} {[%emt
00:00:06]} 2. g3 {[%clk 01:31:22]} {[%emt 00:00:06]} g6 {[%clk 01:31:20]}
{[%emt 00:00:04]} 3. b3 {[%clk 01:31:45]} {[%emt 00:00:07]} Bg7 {[%clk
01:31:44]} {[%emt 00:00:06]} 4. Bb2 {[%clk 01:32:11]} {[%emt 00:00:04]} O-O
{[%clk 01:32:08]} {[%emt 00:00:06]} 5. Bg2 {[%clk 01:32:35]} {[%emt 00:00:05]}
c5 {[%clk 01:32:31]} {[%emt 00:00:07]} 6. c4 {[%clk 01:33:00]} {[%emt
00:00:05]} Nc6 {[%clk 01:32:56]} {[%emt 00:00:05]} 7. O-O {[%clk 01:33:19]}
{[%emt 00:00:11]} e6 {[%clk 01:32:39]} {[%emt 00:00:47]} 8. d4 {[%clk
01:33:36]} {[%emt 00:00:12]} cxd4 {[%clk 01:29:39]} {[%emt 00:03:31]} 9. Nxd4
{[%clk 01:34:04]} {[%emt 00:00:02]} Nxd4 {[%clk 01:29:09]} {[%emt 00:01:00]} 10.
Qxd4 {[%clk 01:32:23]} {[%emt 00:02:11]} Qa5 {[%clk 01:26:34]} {[%emt
00:03:05]} 11. Qf4 {[%clk 01:23:49]} {[%emt 00:09:01]} Nh5 {[%clk 01:12:03]}
{[%emt 00:15:04]} 12. Qc1 {[%clk 01:24:08]} {[%emt 00:00:11]} Nf6 {[%clk
01:12:16]} {[%emt 00:00:17]} 13. Nc3 {[%clk 01:18:09]} {[%emt 00:06:29]} d5
{[%clk 01:08:41]} {[%emt 00:04:05]} 14. cxd5 {[%clk 01:14:46]} {[%emt
00:03:53]} exd5 {[%clk 01:06:48]} {[%emt 00:02:23]} 15. Rd1 {[%clk 01:12:23]}
{[%emt 00:02:52]} Be6 {[%clk 01:06:02]} {[%emt 00:01:16]} 16. Qd2 {[%clk
01:12:24]} {[%emt 00:00:28]} Rfd8 {[%clk 00:56:25]} {[%emt 00:10:06]} 17. Ne4
{[%clk 01:05:45]} {[%emt 00:07:09]} Qxd2 {[%clk 00:56:30]} {[%emt 00:00:26]} 18.
Nxf6+ {[%clk 01:05:30]} {[%emt 00:00:45]} Bxf6 {[%clk 00:56:46]} {[%emt
00:00:14]} 19. Rxd2 {[%clk 01:05:57]} {[%emt 00:00:03]} Bxb2 {[%clk 00:56:51]}
{[%emt 00:00:25]} 20. Rxb2 {[%clk 01:06:25]} {[%emt 00:00:02]} Rac8 {[%clk
00:49:50]} {[%emt 00:07:32]} 21. Rd1 {[%clk 01:05:59]} {[%emt 00:00:55]} b6
{[%clk 00:43:54]} {[%emt 00:06:26]} 22. Rbd2 {[%clk 00:56:06]} {[%emt
00:10:22]} Kf8 {[%clk 00:33:23]} {[%emt 00:11:01]} 23. f4 {[%clk 00:38:46]}
{[%emt 00:17:51]} Ke7 {[%clk 00:29:02]} {[%emt 00:04:51]} 24. Kf2 {[%clk
00:38:17]} {[%emt 00:00:58]} Rc3 {[%clk 00:25:26]} {[%emt 00:04:06]} 25. Bxd5
{[%clk 00:32:03]} {[%emt 00:06:44]} Bxd5 {[%clk 00:20:26]} {[%emt 00:05:30]} 26.
Rxd5 {[%clk 00:32:32]} {[%emt 00:00:02]} Rxd5 {[%clk 00:20:42]} {[%emt
00:00:14]} 27. Rxd5 {[%clk 00:33:00]} {[%emt 00:00:01]} Rc2 {[%clk 00:21:01]}
{[%emt 00:00:10]} 28. a4 {[%clk 00:32:45]} {[%emt 00:00:45]} Ke6 {[%clk
00:20:42]} {[%emt 00:00:49]} 29. Rd3 {[%clk 00:28:25]} {[%emt 00:04:50]} a5
{[%clk 00:18:18]} {[%emt 00:02:54]} 30. Kf3 {[%clk 00:27:23]} {[%emt 00:01:31]}
f5 {[%clk 00:11:50]} {[%emt 00:06:59]} 31. h3 {[%clk 00:27:03]} {[%emt
00:00:50]} h5 {[%clk 00:10:25]} {[%emt 00:01:55]} 32. e4 {[%clk 00:21:57]}
{[%emt 00:05:36]} fxe4+ {[%clk 00:10:17]} {[%emt 00:00:38]} 33. Kxe4 {[%clk
00:22:25]} {[%emt 00:00:02]} Rc5 {[%clk 00:09:31]} {[%emt 00:01:15]} 34. Re3
{[%clk 00:20:30]} {[%emt 00:02:25]} Kd6 {[%clk 00:07:45]} {[%emt 00:02:17]} 35.
g4 {[%clk 00:11:07]} {[%emt 00:09:52]} b5 {[%clk 00:07:42]} {[%emt 00:00:34]}
36. gxh5 {[%clk 00:04:19]} {[%emt 00:07:18]} gxh5 {[%clk 00:06:30]} {[%emt
00:01:42]} 37. axb5 {[%clk 00:01:10]} {[%emt 00:03:39]} Rxb5 {[%clk 00:06:59]}
{[%emt 00:00:01]} 38. Rg3 {[%clk 00:01:15]} {[%emt 00:00:20]} Ke6 {[%clk
00:04:07]} {[%emt 00:03:26]} 39. Rg6+ {[%clk 00:00:59]} {[%emt 00:00:47]} Kf7
{[%clk 00:04:19]} {[%emt 00:00:19]} 40. Rg3 {[%clk 00:00:51]} {[%emt 00:00:38]}
Kf6 {[%clk 00:03:19]} {[%emt 00:01:30]} 41. Rc3 {[%clk 00:00:39]} {[%emt
00:00:41]} Rb4+ {[%clk 00:29:14]} {[%emt 00:04:36]} 42. Kf3 {[%clk 00:30:32]}
{[%emt 00:00:36]} Rb5 {[%clk 00:27:52]} {[%emt 00:01:53]} 43. Kg3 {[%clk
00:28:23]} {[%emt 00:02:39]} Kf5 {[%clk 00:22:17]} {[%emt 00:06:06]} 44. Re3
{[%clk 00:28:30]} {[%emt 00:00:22]} Rc5 {[%clk 00:19:17]} {[%emt 00:03:31]} 45.
Kf3 {[%clk 00:23:57]} 1/2-1/2